Post harvest technology of cereals, pulses and oilseeds / (Record no. 1722)

MARC details
000 -LEADER
fixed length control field 00734nam a22002537a 4500
001 - CONTROL NUMBER
control field BD-DhSAU 1722
003 - CONTROL NUMBER IDENTIFIER
control field BD-DhSAU
005 - DATE AND TIME OF LATEST TRANSACTION
control field 20150120110941.0
008 - FIXED-LENGTH DATA ELEMENTS--GENERAL INFORMATION
fixed length control field 150101b1995 ii a|||| |||| 001 0 eng d
020 ## - INTERNATIONAL STANDARD BOOK NUMBER
International Standard Book Number 8120409698
040 ## - CATALOGING SOURCE
Transcribing agency BD-DhSAU
Original cataloging agency BD-DhSAU
082 ## - DEWEY DECIMAL CLASSIFICATION NUMBER
Edition number 22
Classification number 631.35
Item number CHP
100 ## - MAIN ENTRY--PERSONAL NAME
Personal name Chakraverty, Amalendu
Fuller form of name Amalendu Chakravrety
245 ## - TITLE STATEMENT
Title Post harvest technology of cereals, pulses and oilseeds /
Statement of responsibility, etc. Amalendu Chakravrety
250 ## - EDITION STATEMENT
Edition statement 3rd ed.
260 ## - PUBLICATION, DISTRIBUTION, ETC. (IMPRINT)
Place of publication, distribution, etc. New Delhi :
Name of publisher, distributor, etc. Oxford & IBH publishing co.pvt.ltd. ;
Date of publication, distribution, etc. c1995.
300 ## - PHYSICAL DESCRIPTION
Extent xvi, 349 p.
Other physical details ill.
Dimensions 22 cm
504 ## - BIBLIOGRAPHY, ETC. NOTE
Bibliography, etc Includes index.
590 ## - Name of Cataloguer
Name of Cataloger Jerin
650 ## - SUBJECT ADDED ENTRY--TOPICAL TERM
Topical term or geographic name as entry element Agronomy
650 ## - SUBJECT ADDED ENTRY--TOPICAL TERM
Topical term or geographic name as entry element Harvest technology
650 ## - SUBJECT ADDED ENTRY--TOPICAL TERM
Topical term or geographic name as entry element Pulses
650 ## - SUBJECT ADDED ENTRY--TOPICAL TERM
Topical term or geographic name as entry element Oilseeds
942 ## - ADDED ENTRY ELEMENTS (KOHA)
Source of classification or shelving scheme Dewey Decimal Classification
Koha item type Book
Holdings
Withdrawn status Lost status Source of classification or shelving scheme Damaged status Not for loan Home library Branch Name Shelving location Date acquired Total Checkouts Full call number Barcode Date last seen Price effective from Koha item type Collection code
    Dewey Decimal Classification     SAU Library SAU Library General Stacks 23/02/2005   631.35 CHP 31240 20/01/2015 20/01/2015 Book  
    Dewey Decimal Classification   Not For Loan SAU Library SAU Library Reference 17/06/1993   631.35 CHP 23421 09/05/2015 09/05/2015 Book  
    Dewey Decimal Classification   Not For Loan SAU Library SAU Library Reference 24/05/1998   631.35 CHP 27125x 09/05/2015 09/05/2015 Book Reference
    Dewey Decimal Classification   Not For Loan SAU Library SAU Library Reference 29/06/2000   631.35 CHP 28753 10/05/2015 10/05/2015 Book Reference